[Event "SK Sontheim/Brenz 1 - SK Schmiden/Cannstatt 1"]
[Site "Oberliga Württemberg 2018/2019"]
[Date "2018.12.02"]
[Round "4"]
[White "Holzhäuer, Mathias"]
[Black "Walter, Kevin"]
[Result "0-1"]
[WhiteElo "2252"]
[BlackElo "2097"]
[Annotator ""]
[Source ""]
[Remark ""]

1.e4 c5 2.f4 d6 3.Nc3 g6 4.Nf3 Bg7 5.Bb5+ Bd7 6.Bc4 Nc6 7.a3
e6 8.O-O Nge7 9.d3 O-O 10.Bd2 Nd4 11.Rb1 b5 12.Ba2 Qb6 13.Nxd4
cxd4 14.Ne2 a5 15.Kh1 d5 16.Ng3 h5 17.Qe1 dxe4 18.dxe4 Qb7 19.Rf2
h4 20.Nf1 {(=)} Bc6 21.Re2 h3 22.Ng3 hxg2+ 23.Kxg2 a4 24.h3 Rfd8
25.Ba5 Rd7 26.Kh2 d3 27.cxd3 Rxd3 28.Rd1 Rf3 29.Bb4 Rxf4 30.Bd6
Rh4 31.Nf5 gxf5 32.Qxh4 Ng6 33.Qg5 Bxe4 34.h4 Kh7 35.h5 Ne5 36.Kh3
Ng4 37.Qf4 Bf3 38.Rxe6 fxe6 39.Rc1 Bg2+ 40.Kg3 Bh1 41.Rc7 Qg2+
42.Kh4 Nh2 43.Be5 Rg8 44.Bxe6 Nf3+ 45.Qxf3 Qxf3 46.Bxg8+ Kxg8
47.Rxg7+ Kf8 48.Kg5 Qe3+ 49.Kf6 Qxe5+ 0-1

[Event "SK Sontheim/Brenz 1 - SK Schmiden/Cannstatt 1"]
[Site "Oberliga Württemberg 2018/2019"]
[Date "2018.12.02"]
[Round "4"]
[White "Trachtmann, Mark"]
[Black "Pürckhauer, Sören"]
[Result "1-0"]
[WhiteElo "2253"]
[BlackElo "2163"]
[Annotator ""]
[Source ""]
[Remark ""]

1.d4 Nf6 2.c4 e6 3.Nc3 Bb4 4.e3 O-O 5.Nge2 d5 6.a3 Be7 7.Nf4
c6 8.b4 dxc4 {(=)} 9.Bxc4 Nd5 10.Nce2 b5 11.Bd3 a5 12.Nxd5 exd5
13.bxa5 Rxa5 14.O-O Bd6 15.Qb3 Qh4 16.f4 Qe7 17.a4 b4 18.Qc2
{(=)} f5 19.Bd2 Ba6 20.Bxa6 Rxa6 21.Nc1 Qa7 22.Nd3 Qe7 23.Rfb1
Rb6 24.a5 Rb7 25.a6 Ra7 26.Nxb4 Bxb4 27.Bxb4 Qxe3+ 28.Qf2 Qxf2+
29.Kxf2 Rc8 30.Bc5 Ra8 31.a7 Nd7 32.Rb7 1-0

[Event "SK Sontheim/Brenz 1 - SK Schmiden/Cannstatt 1"]
[Site "Oberliga Württemberg 2018/2019"]
[Date "2018.12.02"]
[Round "4"]
[White "Lemke, Johannes"]
[Black "Krockenberger, Martin"]
[Result "0-1"]
[WhiteElo "2105"]
[BlackElo "2179"]
[Annotator ""]
[Source ""]
[Remark ""]

1.d4 Nf6 2.Bf4 g6 3.Nc3 d6 4.Qd2 c6 5.e4 Nbd7 6.f3 Qa5 7.Bc4
Bg7 8.Nge2 b5 9.Bb3 c5 10.Bd5 Nxd5 11.Nxd5 Qxd2+ 12.Kxd2 {(=)}
Rb8 13.c3 Rb7 14.Rhd1 Nb6 15.Nxb6 axb6 16.g4 Ra7 17.a3 Be6 18.e5
dxe5 19.Bxe5 Bxe5 20.dxe5 Bb3 21.Re1 O-O 22.Ke3 Rd7 23.Nf4 Rfd8
24.Rac1 g5 25.Nh3 Rd3+ 26.Ke4 h6 27.Re2 Rd2 28.Ke3 Rxe2+ 29.Kxe2
Bc4+ 30.Ke1 Rd3 31.Ng1 Re3+ 32.Kf2 Rxe5 33.Rd1 {(=)} Rd5 34.Rxd5
Bxd5 35.b4 Bc4 36.Ke3 e5 37.Nh3 Be6 38.Nf2 c4 39.Ke4 f6 40.Ke3
Kf7 41.Ne4 Ke7 42.Ng3 Bd7 43.Ne4 f5 44.Nf2 Kf6 45.h3 Kg6 46.Ke2
Kf6 47.Ke3 Bc6 48.Nd1 f4+ 49.Ke2 e4 50.Nf2 exf3+ 51.Kf1 Ke5 52.Ke1
Be8 53.Kd2 h5 54.Ke1 hxg4 55.hxg4 Bd7 56.Kd2 Be6 57.Ke1 Bxg4
58.Nxg4+ Ke4 59.Kd2 f2 60.Nxf2+ Kf3 61.Nh3 g4 62.Ng5+ Kg2 63.Ne6
f3 64.Ke3 f2 65.Nf4+ Kf1 66.Ke4 Kg1 67.Ne2+ Kh2 0-1

[Event "SK Sontheim/Brenz 1 - SK Schmiden/Cannstatt 1"]
[Site "Oberliga Württemberg 2018/2019"]
[Date "2018.12.02"]
[Round "4"]
[White "Thoma, Christian"]
[Black "Ullmann, Juergen"]
[Result "1-0"]
[WhiteElo "2168"]
[BlackElo "1977"]
[Annotator ""]
[Source ""]
[Remark ""]

1.d4 c5 2.d5 Nf6 3.Nc3 Qa5 4.Bd2 b5 5.e4 b4 6.e5 bxc3 7.Bxc3
Qa4 8.exf6 Qe4+ 9.Qe2 Qxe2+ 10.Nxe2 gxf6 11.d6 e5 12.O-O-O Nc6
13.Ng3 Nd4 14.Ne4 f5 15.Nf6+ 1-0

[Event "SK Sontheim/Brenz 1 - SK Schmiden/Cannstatt 1"]
[Site "Oberliga Württemberg 2018/2019"]
[Date "2018.12.02"]
[Round "4"]
[White "Klein, Andreas"]
[Black "Eisele, Steffen"]
[Result "0-1"]
[WhiteElo "2024"]
[BlackElo "2235"]
[Annotator ""]
[Source ""]
[Remark ""]

1.e4 e6 2.d4 d5 3.Bd3 c5 4.c3 Nc6 5.Nf3 dxe4 6.Bxe4 Nf6 7.Bc2
cxd4 8.cxd4 b6 9.O-O Be7 10.Bg5 Bb7 11.a3 O-O 12.Qd3 g6 13.Nc3
Rc8 14.Rac1 Nd5 15.Bh6 Re8 16.Nxd5 Qxd5 17.Bb3 Qh5 18.Be3 Red8
19.Qe2 Bd6 20.h3 Na5 21.Rxc8 Rxc8 22.Bd1 Nc4 23.Re1 Bxf3 24.Qxf3
Qxf3 25.Bxf3 Nxb2 26.Ra1 Na4 27.d5 exd5 28.Bxd5 Rc3 29.Bc1 Be5
30.Rb1 Rd3 31.Bf3 Nc3 32.Rb2 Bd6 33.Rc2 Bc5 34.Kf1 Nb5 35.Be2
Rc3 36.Rxc3 Nxc3 37.Bc4 Ne4 38.f3 Bxa3 39.fxe4 Bxc1 40.Ba6 Kg7
41.Ke2 Kf6 42.Kd3 Ke5 43.g3 Ba3 44.Bc4 f6 45.Bg8 h6 46.Bh7 g5
47.Kc4 Bc5 48.Kb5 Kd4 49.Ka6 Ke3 50.Kxa7 b5+ 51.Kb7 b4 52.Kc6
Bd4 53.Kd5 b3 54.e5 Bxe5 55.Ke6 Kf3 56.g4 Kg3 57.Bb1 Kxh3 58.Kf5
Kg3 59.Bd3 Kf3 60.Bb1 Ke3 0-1

[Event "SK Sontheim/Brenz 1 - SK Schmiden/Cannstatt 1"]
[Site "Oberliga Württemberg 2018/2019"]
[Date "2018.12.02"]
[Round "4"]
[White "Löhr, Markus"]
[Black "Kaufmann, Thorsten"]
[Result "1-0"]
[WhiteElo "2125"]
[BlackElo "2043"]
[Annotator ""]
[Source ""]
[Remark ""]

1.d4 Nf6 2.c4 g6 3.Nc3 d5 4.cxd5 Nxd5 5.e4 Nxc3 6.bxc3 c5 7.Be3
Bg7 8.Rc1 cxd4 9.cxd4 Nc6 10.d5 Ne5 11.h3 O-O 12.f4 Nd7 13.Nf3
Nb6 14.Qd2 f5 15.Bxb6 Qxb6 16.e5 Bd7 17.Bd3 Rfc8 18.Ke2 Rc5 19.Rxc5
Qxc5 20.Rc1 Qb6 21.Rb1 Qc5 22.Rxb7 Qxd5 23.Rxd7 1-0

[Event "SK Sontheim/Brenz 1 - SK Schmiden/Cannstatt 1"]
[Site "Oberliga Württemberg 2018/2019"]
[Date "2018.12.02"]
[Round "4"]
[White "Hartmann, Theo"]
[Black "Scheeff, Volker"]
[Result "0-1"]
[WhiteElo "1956"]
[BlackElo "2114"]
[Annotator ""]
[Source ""]
[Remark ""]

1.c4 e5 2.g3 Nf6 3.Nc3 d5 4.cxd5 Nxd5 5.Bg2 Nb6 6.e3 Be7 7.Nge2
O-O 8.O-O Nc6 9.f4 exf4 10.Nxf4 Ne5 11.d4 Bg4 12.Qc2 Nc6 13.a3
Qd7 14.h3 Bf5 15.Qf2 Bd6 16.g4 Bg6 17.Ne4 Rae8 18.Ng3 Na5 19.e4
Nb3 20.e5 Nxa1 21.Nfh5 Be7 22.Nf5 Bxh5 23.gxh5 g6 24.Be4 Nb3
25.Nh6+ Kg7 26.Be3 Qxh3 27.Nxf7 Qg4+ 28.Bg2 Bh4 29.Bh6+ Kg8 30.Bxf8
Bxf2+ 31.Rxf2 Qd1+ 32.Bf1 Rxf8 0-1

[Event "SC Böblingen 1 - TG Biberach 1"]
[Site "Oberliga Württemberg 2018/2019"]
[Date "2018.12.02"]
[Round "4"]
[White "Sinz, Bernhard"]
[Black "Gähwiler, Gabriel"]
[Result "0-1"]
[WhiteElo "2326"]
[BlackElo "2436"]
[Annotator ""]
[Source ""]
[Remark ""]

1.e4 e5 2.f4 exf4 3.Nf3 Ne7 4.Qe2 Nbc6 5.d4 Ng6 6.h4 h5 7.e5
Nce7 8.Nc3 Nf5 9.Ne4 Be7 10.d5 d6 11.e6 fxe6 12.dxe6 Nfxh4 13.Nxh4
Bxh4+ 14.g3 Bxg3+ 15.Kd1 Qe7 16.Bh3 Ne5 17.Qb5+ c6 18.Qb3 O-O
19.Bd2 Ng4 20.Bxg4 hxg4 21.Ng5 Rf5 22.Rh5 Rxg5 23.Rxg5 Bxe6 24.Rxg7+
Kxg7 0-1

[Event "SC Böblingen 1 - TG Biberach 1"]
[Site "Oberliga Württemberg 2018/2019"]
[Date "2018.12.02"]
[Round "4"]
[White "Kuklin, Valentin"]
[Black "Mack, Wolfgang"]
[Result "0-1"]
[WhiteElo "2340"]
[BlackElo "2183"]
[Annotator ""]
[Source ""]
[Remark ""]

1.e4 g6 2.Nc3 Bg7 3.g3 c5 4.Bg2 Nc6 5.d3 d6 6.Be3 Qa5 7.Nge2
e6 8.Qd2 Nd4 9.O-O Ne7 10.f4 O-O 11.g4 f5 12.h3 Nec6 {(=)} 13.Ng3
Bd7 14.a3 Rab8 15.Qf2 b5 16.gxf5 exf5 17.Nd5 Rbe8 18.c3 Nb3 19.Rae1
Qd8 20.exf5 Bxf5 21.Nxf5 Rxf5 22.Be4 Rff8 23.f5 gxf5 24.Bxf5
Re5 25.Qg2 Rfxf5 {(Formulare uneindeutig/widersprüchlich, welcher Turm hier auf f5 nahm)}
26.Rxf5 Rxf5 27.Bh6 Rf7 28.Re8+ Qxe8 29.Nf6+ Kf8 30.Nxe8 Bxh6
31.Qxc6 Be3+ 32.Kg2 Nd2 33.Nxd6 Rg7+ 34.Kh2 Nf1+ 35.Kh1 Rg1# 0-1

[Event "SC Böblingen 1 - TG Biberach 1"]
[Site "Oberliga Württemberg 2018/2019"]
[Date "2018.12.02"]
[Round "4"]
[White "Oberst, Thomas"]
[Black "Ortmann, David"]
[Result "0-1"]
[WhiteElo "2208"]
[BlackElo "2310"]
[Annotator ""]
[Source ""]
[Remark ""]

1.c4 Nf6 2.Nc3 c6 3.e3 d5 4.b3 e5 5.d3 d4 6.exd4 exd4 7.Ne4 Bb4+
8.Bd2 Bxd2+ 9.Qxd2 O-O 10.Nxf6+ Qxf6 11.Be2 Re8 12.Nf3 Bg4 13.O-O
Nd7 14.h3 Bf5 15.Rfe1 Nc5 16.Kh2 Bg6 17.Bf1 h6 18.b4 Ne6 19.Ne5
Bh7 20.g3 Ng5 21.f4 Rxe5 22.fxe5 Nf3+ 23.Kh1 Qe7 24.Qf2 Nxe1
25.Rxe1 Qxb4 26.a3 Qc3 27.Rb1 b6 28.Bg2 Bxd3 29.Re1 Rc8 30.e6
fxe6 31.Rxe6 Rf8 32.Qg1 Qxc4 33.Rxc6 Qxc6 34.Bxc6 Rf1 0-1

[Event "SC Böblingen 1 - TG Biberach 1"]
[Site "Oberliga Württemberg 2018/2019"]
[Date "2018.12.02"]
[Round "4"]
[White "Tran, Thanh Kien"]
[Black "Birkenmaier, Rainer"]
[Result "1/2-1/2"]
[WhiteElo "2075"]
[BlackElo "2041"]
[Annotator ""]
[Source ""]
[Remark ""]

1.d4 Nf6 2.c4 e6 3.Nc3 d5 4.Bg5 c6 5.e3 Nbd7 6.Nf3 Qa5 7.Nd2
Bb4 8.Qc2 Ne4 9.Ndxe4 dxe4 10.Bh4 f5 11.Be2 e5 12.O-O O-O 13.f3
exf3 14.Bxf3 Nf6 15.a3 Bxc3 16.Qxc3 Qxc3 17.bxc3 Ne4 18.Bxe4
fxe4 19.Rxf8+ Kxf8 20.Rf1+ Kg8 21.dxe5 Be6 22.c5 Bc4 23.Rb1 Ba6
24.Rb4 Rf8 25.h3 Kf7 26.Rxe4 Ke6 27.Bg3 Rf1+ 28.Kh2 Rf7 29.Rd4
Rd7 30.Rd6+ Rxd6 31.exd6 b6 32.cxb6 axb6 33.e4 Bd3 34.e5 b5 35.Kg1
Bf5 36.Kf2 Kd5 37.Ke3 g5 38.Bh2 c5 39.h4 h6 40.hxg5 hxg5 41.Kf3
c4 42.Ke3 Bg4 43.Bg3 Bd7 44.Kf3 Be6 {(=)} 45.Bh2 Bd7 46.g4 Be6
47.Bg3 Bd7 48.Bh2 Be6 49.Bg1 Kxe5 50.Be3 Kf6 51.Bd4+ Kf7 52.Bb6
Bd7 53.Bd8 Kg6 54.Bc7 Kf6 {(=)} 55.Bb6 Kf7 56.Bd4 Bc6+ 57.Ke3
Bd7 58.Kf3 Bc6+ 59.Kg3 Bd7 60.Be3 Kf6 61.Bd4+ Kf7 62.Bb6 Be6
63.Bd8 Kg6 64.Bc7 Kf6 65.Bb6 Bd7 66.Bc5 Kf7 67.Be3 Kf6 68.Bc1
Bc8 69.Bd2 Be6 70.Kf3 Bd7 71.Be3 Bc6+ 72.Kg3 Bd7 73.Bd4+ Kf7
74.Kf3 1/2-1/2

[Event "SC Böblingen 1 - TG Biberach 1"]
[Site "Oberliga Württemberg 2018/2019"]
[Date "2018.12.02"]
[Round "4"]
[White "Namyslo, Holger"]
[Black "Vujic, Branimir"]
[Result "1-0"]
[WhiteElo "2216"]
[BlackElo "2263"]
[Annotator ""]
[Source ""]
[Remark ""]

1.e4 d5 2.exd5 Nf6 3.d4 Nxd5 4.c4 Nb6 5.Nf3 g6 6.c5 Nd5 7.Bc4
c6 8.Nc3 Bg7 9.Qb3 O-O 10.O-O Nxc3 11.bxc3 b5 12.cxb6 axb6 13.Re1
Ba6 14.Bg5 Bxc4 15.Qxc4 Re8 16.Rab1 Ra6 17.Rb2 b5 18.Qb3 Qd6
19.Rbe2 e6 20.Bc1 Qd5 21.Ne5 Nd7 22.Qxd5 cxd5 23.Nxd7 b4 24.cxb4
Bxd4 25.Bb2 1-0

[Event "SC Böblingen 1 - TG Biberach 1"]
[Site "Oberliga Württemberg 2018/2019"]
[Date "2018.12.02"]
[Round "4"]
[White "Bauer, Peter"]
[Black "Schulze, Andreas"]
[Result "1-0"]
[WhiteElo "2132"]
[BlackElo "2121"]
[Annotator ""]
[Source ""]
[Remark ""]

1.e4 e5 2.Nf3 Nf6 3.Nxe5 d6 4.Nf3 Nxe4 5.d4 d5 6.Bd3 Nc6 7.O-O
Bg4 8.c4 Nf6 9.cxd5 Nxd5 10.Nc3 Be7 11.Be4 Nf6 12.Bxc6+ bxc6
13.h3 Bxf3 14.Qxf3 Nd5 15.Re1 O-O 16.Ne4 Rb8 17.Re2 Re8 18.a3
Nf6 19.Qc3 Qd5 20.Nxf6+ Bxf6 21.Rxe8+ Rxe8 22.Be3 h6 23.Rc1 Re6
24.Qb4 Kh7 25.Rc5 Qe4 26.Qc3 Rd6 27.Qc2 Qxc2 28.Rxc2 Bxd4 29.Bxd4
Rxd4 30.Rxc6 Rd1+ 31.Kh2 Rd2 32.b4 Rd3 33.Ra6 Rc3 34.Rxa7 Kg6
35.a4 Kf6 36.b5 Ke6 37.a5 Kd6 38.a6 Rb3 39.Rb7 Ra3 40.f3 f5 41.Rb8
g5 42.Kg1 Ra2 43.Kf1 Ke5 44.Rc8 Kd6 45.Ke1 Kc5 46.Rb8 Kd4 47.Re8
f4 48.Kf1 Kc5 49.Rb8 h5 50.Rb7 Kd6 51.a7 h4 52.Ke1 Kc5 53.Kd1
Kc4 54.Kc1 Kb4 55.Kb1 Ra3 56.Kc2 Rc3+ 57.Kd2 Ra3 58.Rxc7 Kxb5
59.Rg7 Kc4 60.Rxg5 Rxa7 61.Ke2 Kd4 62.Kf2 Rf7 63.Rg4 Ke5 64.Rxh4
Kf5 65.Rg4 Ra7 66.Kg1 Ra1+ 67.Kh2 Rb1 68.h4 Ra1 69.Rg5+ Kf6 70.Rb5
Ra2 71.Kh3 Rc2 72.Rg5 Ra2 73.Rg4 Kf5 74.Rg8 Ra4 75.Rg5+ Kf6 76.Rg4 1-0

[Event "SC Böblingen 1 - TG Biberach 1"]
[Site "Oberliga Württemberg 2018/2019"]
[Date "2018.12.02"]
[Round "4"]
[White "Müller, Daniel"]
[Black "Schröter, Samuel"]
[Result "0-1"]
[WhiteElo "2070"]
[BlackElo "2121"]
[Annotator ""]
[Source ""]
[Remark ""]

1.d4 g6 2.g3 Bg7 3.Bg2 c5 4.d5 d6 5.c4 Nf6 6.Nc3 Na6 7.Nf3 O-O
8.O-O Bg4 9.Nd2 Nc7 10.h3 Bd7 11.a4 b6 12.e4 a6 13.f4 b5 14.axb5
axb5 15.Rxa8 Qxa8 16.e5 Nfe8 17.Qe2 bxc4 18.Nxc4 Qa6 19.Re1 Nb5
20.Na3 Nec7 21.Naxb5 Bxb5 22.Nxb5 Qxb5 23.Qxb5 Nxb5 24.Bd2 Ra8
25.Bc3 Kf8 26.Bf1 Nxc3 27.bxc3 dxe5 28.fxe5 f6 29.e6 {(=)} f5
30.c4 Bd4+ 31.Kg2 Kg7 32.g4 Kf6 33.Re2 f4 34.Re4 g5 35.Be2 Ra3
36.Bf3 Ra1 37.Be2 Ra3 38.Bf3 Be5 39.Kf2 Ra2+ 40.Be2 h6 41.Kg2
Rd2 42.Kf2 Bd4+ 43.Kf3 Be3 44.d6 Rxd6 45.Kg2 Rd2 46.Kf1 Rc2 47.Ke1
Rc3 48.Kf1 Rc1+ 49.Kg2 Rg1+ 50.Kh2 Re1 51.Bf3 Rc1 52.Kg2 Rc2+
53.Kh1 Rb2 54.Bg2 Bf2 55.Bf3 Be3 56.Bg2 Rb1+ 57.Kh2 Bg1+ 58.Kh1
Bf2+ 59.Bf1 Rxf1+ 60.Kg2 Re1 0-1

[Event "SC Böblingen 1 - TG Biberach 1"]
[Site "Oberliga Württemberg 2018/2019"]
[Date "2018.12.02"]
[Round "4"]
[White "Born, Mario"]
[Black "Reimche, Vadim"]
[Result "1/2-1/2"]
[WhiteElo "2111"]
[BlackElo "2040"]
[Annotator ""]
[Source ""]
[Remark ""]

1.d4 Nf6 2.Nf3 c5 3.e3 b6 4.Be2 Bb7 5.O-O e6 6.c4 Be7 7.Nc3 d5
8.Qa4+ Bc6 9.Qb3 Nbd7 10.Ne5 Nxe5 11.dxe5 dxc4 12.Bxc4 Nd7 13.f4
Qc7 14.e4 a6 15.a4 Qb7 16.Rd1 Rb8 17.Nd5 b5 18.axb5 axb5 19.Be2
c4 20.Qf3 exd5 21.exd5 Qb6+ 22.Kh1 Bb7 23.Qg3 O-O 24.d6 Bd8 25.Be3
Qc6 26.Bf3 Qc8 27.Bg4 Bc6 28.Bd4 Bb6 29.e6 Bxd4 30.exd7 Bxd7
31.Bxd7 Qxd7 32.Rxd4 f5 33.Qf3 Qb7 34.Qc3 Rfd8 {(keine Ahnung ... es kann auch 34...Tbd8 usw. geschehen sein)}
35.Rad1 Rd7 36.Qb4 Qc6 37.h3 Re8 38.Rd5 Re6 39.Qxb5 Qxb5 40.Rxb5
Rexd6 {(oder Td:d6; nicht festzustellen)} 41.Rxd6 Rxd6 42.Rxf5
Rd4 1/2-1/2

[Event "SF Deizisau 2 - SC Weiler im Allgäu 1"]
[Site "Oberliga Württemberg 2018/2019"]
[Date "2018.12.02"]
[Round "4"]
[White "Balacek, Tadeas"]
[Black "Zeller, Frank"]
[Result "1/2-1/2"]
[WhiteElo "2289"]
[BlackElo "2372"]
[Annotator ""]
[Source ""]
[Remark ""]

1.d4 Nf6 2.c4 e6 3.Nf3 c5 4.Nc3 cxd4 5.Nxd4 Nc6 6.Ndb5 d5 7.Bf4
e5 8.cxd5 exf4 9.dxc6 bxc6 10.Qxd8+ Kxd8 11.Nd4 c5 12.Ndb5 Bd7
13.Rd1 Rb8 14.Rd2 c4 15.Nd4 Kc7 16.g3 Bb4 17.Bg2 Bxc3 18.bxc3
fxg3 19.hxg3 Rb1+ 20.Rd1 Rhb8 21.O-O {(=)} Rxd1 22.Rxd1 Rb2 23.Ra1
g5 24.f4 gxf4 25.gxf4 Kd6 26.Kf2 Ng4+ 27.Kg3 Ne3 28.Be4 f5 29.Kf3
Nd5 30.Bxd5 Kxd5 31.Rh1 Rxa2 32.Rxh7 Kd6 33.e4 fxe4+ 34.Kxe4
a5 35.Rh6+ Kc5 36.f5 a4 37.f6 Rf2 38.Ke3 Rf1 39.Ke2 Rf4 40.Ke3
Rf1 41.Ke2 1/2-1/2

[Event "SF Deizisau 2 - SC Weiler im Allgäu 1"]
[Site "Oberliga Württemberg 2018/2019"]
[Date "2018.12.02"]
[Round "4"]
[White "Foisor, Ovidiu-Doru"]
[Black "Gregor, Jiri"]
[Result "1/2-1/2"]
[WhiteElo "2327"]
[BlackElo "2195"]
[Annotator ""]
[Source ""]
[Remark ""]

1.c4 c5 2.g3 Nc6 3.Bg2 g6 4.Nc3 Bg7 5.e3 e6 6.Nge2 Nge7 7.O-O
d5 8.cxd5 exd5 9.d4 cxd4 10.Nxd4 O-O 11.Nce2 Nxd4 12.Nxd4 Nc6
{(=)} 13.Qb3 Nxd4 14.exd4 Be6 15.Be3 Qd7 1/2-1/2

[Event "SF Deizisau 2 - SC Weiler im Allgäu 1"]
[Site "Oberliga Württemberg 2018/2019"]
[Date "2018.12.02"]
[Round "4"]
[White "Fischer, Sebastian"]
[Black "Wunder, Niklas"]
[Result "1/2-1/2"]
[WhiteElo "2245"]
[BlackElo "2076"]
[Annotator ""]
[Source ""]
[Remark ""]

1.d4 d5 2.Bf4 Nf6 3.e3 c5 4.c3 Nc6 5.Nd2 cxd4 6.exd4 Bf5 7.Ngf3
e6 8.Qb3 Qc8 9.Nh4 Be4 10.Nxe4 dxe4 11.g3 Be7 12.Ng2 Nd5 13.Bd2
O-O 14.Ne3 Qd7 15.Bh3 f5 16.Bg2 b5 17.f3 Na5 18.Qd1 Bg5 19.Qe2
f4 20.Nxd5 exd5 21.fxe4 dxe4 22.Bxf4 Bxf4 23.gxf4 Rxf4 24.Rf1
Rh4 25.O-O-O Re8 26.h3 Nc4 27.b3 Nd6 28.Qe3 h6 29.Rf4 Nf5 30.Qf2
e3 31.Qf3 Rxf4 32.Qxf4 b4 33.cxb4 e2 34.Re1 Nxd4 35.Kb2 Nb5 36.a4
Nd4 37.Qd2 Qd6 38.b5 Qe5 39.Qc3 Qe3 40.Bd5+ Kh7 41.Bc4 g5 1/2-1/2

[Event "SF Deizisau 2 - SC Weiler im Allgäu 1"]
[Site "Oberliga Württemberg 2018/2019"]
[Date "2018.12.02"]
[Round "4"]
[White "Srba, Milan"]
[Black "Bronznik, Valerij"]
[Result "0-1"]
[WhiteElo "2177"]
[BlackElo "2223"]
[Annotator ""]
[Source ""]
[Remark ""]

1.e4 c5 2.Nf3 Nc6 3.d4 cxd4 4.Nxd4 e5 5.Nb5 d6 6.Bc4 a6 7.N5c3
Nf6 8.Bg5 Be7 9.Bxf6 Bxf6 10.O-O O-O 11.a4 Be6 12.Nd5 Bg5 13.Bb3
Kh8 14.Nbc3 Rc8 15.f3 Nd4 16.Qd3 g6 17.a5 Rc5 18.f4 Nxb3 19.cxb3
exf4 20.b4 Rc6 21.Qd4+ Kg8 22.Ra3 f5 23.b5 axb5 24.Nxb5 fxe4
25.Qxe4 Bf5 26.Qb4 Be6 27.Ndc3 f3 28.Qe4 d5 29.Qd3 d4 30.Rxf3
dxc3 31.Rxf8+ Qxf8 32.Rxc3 Rxc3 33.Qxc3 Qf4 34.h3 Bc4 0-1

[Event "SF Deizisau 2 - SC Weiler im Allgäu 1"]
[Site "Oberliga Württemberg 2018/2019"]
[Date "2018.12.02"]
[Round "4"]
[White "Jelica, Mara"]
[Black "Wunder, Fabian"]
[Result "0-1"]
[WhiteElo "2117"]
[BlackElo "2035"]
[Annotator ""]
[Source ""]
[Remark ""]

1.e4 d6 2.d4 Nf6 3.Nc3 c6 4.f4 Qa5 5.Nf3 Nxe4 6.Bd2 Nxd2 7.Qxd2
Nd7 8.O-O-O Nf6 9.Qe3 Bg4 10.Be2 e6 11.h3 Bxf3 12.Bxf3 O-O-O
13.g4 d5 14.Kb1 Bd6 15.Ne2 Qc7 16.Rhf1 Kb8 17.Bg2 Rhe8 18.Qd3
g6 19.Rf2 Re7 20.Qd2 Rde8 21.Nc1 Nd7 22.g5 Nb6 23.b3 c5 24.c3
Rc8 25.Ne2 cxd4 26.cxd4 Ba3 27.Rf3 Qd6 28.Rc3 Rec7 29.Rxc7 Rxc7
30.Nc1 Bxc1 31.Rxc1 Rxc1+ 32.Qxc1 Qb4 33.Qe3 Nc4 34.Qe2 Na3+
35.Kb2 Nb5 36.Qd3 Qxd4+ 37.Qxd4 Nxd4 38.Bf1 Kc7 39.Kc3 Nf5 40.Bb5
a6 41.Bd3 Ne7 42.b4 Kd6 43.a4 Nc6 44.Be2 a5 45.bxa5 Nxa5 46.Bb5
Nc6 47.Kd3 Na7 48.Be8 Ke7 49.Bb5 Nxb5 50.axb5 Kd6 51.Kd4 b6 52.h4
Kd7 53.Kd3 Ke7 54.Ke3 f6 55.Kd3 e5 56.Ke3 Ke6 57.Kf3 f5 0-1

[Event "SF Deizisau 2 - SC Weiler im Allgäu 1"]
[Site "Oberliga Württemberg 2018/2019"]
[Date "2018.12.02"]
[Round "4"]
[White "Hosticka, Frantisek"]
[Black "Gustain, Marc"]
[Result "1/2-1/2"]
[WhiteElo "2047"]
[BlackElo "2124"]
[Annotator ""]
[Source ""]
[Remark ""]

1.e4 d5 2.exd5 Qxd5 3.Nc3 Qd8 4.d4 Nf6 5.Be2 c6 6.Nf3 Bg4 7.h3
Bh5 8.O-O e6 9.Bg5 Be7 10.Re1 Nbd7 11.Ne5 Bxe2 12.Qxe2 O-O 13.Rad1
Nd5 14.Bxe7 {(=)} Nxc3 15.Bxd8 Nxe2+ 16.Rxe2 Rfxd8 17.Red2 Nb6
18.b3 f6 19.Nf3 Kf7 20.c4 Rd7 21.Re1 Re8 22.Rde2 Na8 23.Re4 Nc7
24.g4 {(=)} Red8 25.g5 b6 26.Kh2 Rg8 27.Rh4 Rh8 {(=)} 28.Rg1
Ne8 29.Rf4 1/2-1/2

[Event "SF Deizisau 2 - SC Weiler im Allgäu 1"]
[Site "Oberliga Württemberg 2018/2019"]
[Date "2018.12.02"]
[Round "4"]
[White "Valkova, Anzhelika"]
[Black "Mira, Helene"]
[Result "1-0"]
[WhiteElo "1946"]
[BlackElo "2039"]
[Annotator ""]
[Source ""]
[Remark ""]

1.d4 d6 2.Nf3 Nf6 3.c4 g6 4.Nc3 Bg7 5.e4 O-O 6.h3 e5 7.d5 c6
8.Bg5 h6 9.Be3 Kh7 10.Be2 c5 11.g4 Na6 12.a3 Bd7 13.Nd2 Nc7 14.b4
b6 15.b5 Qe7 16.a4 Nxe4 17.Ndxe4 f5 18.f3 fxe4 19.Nxe4 Ne8 20.a5
Nf6 21.Bd3 Nxe4 22.Bxe4 Bf6 23.Qd2 Bg5 24.h4 Bxe3 25.Qxe3 Kg7
26.h5 g5 27.Bd3 Qf7 28.Qe4 Kh8 29.Rh2 a6 30.axb6 axb5 31.Rxa8
Rxa8 32.b7 Rb8 33.Ra2 Rxb7 34.Ra8+ Be8 35.Qg6 Qxg6 36.Bxg6 bxc4
37.Rxe8+ Kg7 38.Rd8 e4 39.Bxe4 Rb6 40.Kd2 Kf6 41.Kc3 Ke5 42.Rh8
Rb4 43.Rxh6 Rb3+ 44.Kxc4 Rb4+ 45.Kc3 Rc4+ 46.Kxc4 1-0

[Event "Heilbronner SV 1 - Stuttgarter SF 1"]
[Site "Oberliga Württemberg 2018/2019"]
[Date "2018.12.02"]
[Round "4"]
[White "Kvetny, Mark"]
[Black "Schulze, Ulrich"]
[Result "1-0"]
[WhiteElo "2406"]
[BlackElo "2283"]
[Annotator ""]
[Source ""]
[Remark ""]

1.c4 Nf6 2.Nc3 e6 3.Nf3 d5 4.e3 dxc4 5.Bxc4 a6 6.a4 c5 7.O-O
Nc6 8.Qe2 Be7 9.Rd1 O-O 10.d4 Qc7 11.b3 cxd4 12.exd4 Rd8 13.d5
exd5 14.Nxd5 Nxd5 15.Bxd5 Nb4 16.Bf4 Qxf4 17.Qxe7 Rf8 18.g3 1-0

[Event "Heilbronner SV 1 - Stuttgarter SF 1"]
[Site "Oberliga Württemberg 2018/2019"]
[Date "2018.12.02"]
[Round "4"]
[White "Zuferi, Enis"]
[Black "Benkovic, Petar"]
[Result "1/2-1/2"]
[WhiteElo "2313"]
[BlackElo "2338"]
[Annotator ""]
[Source ""]
[Remark ""]

1.d4 d5 2.c4 e6 3.Nf3 Nf6 4.Nc3 a6 5.cxd5 exd5 6.Bf4 Bd6 7.Be5
c6 8.Qc2 O-O 9.e3 Qe7 10.Bd3 Nbd7 11.Bxd6 Qxd6 12.g4 g6 13.g5
Nh5 14.O-O-O b5 15.Ne2 c5 16.dxc5 Nxc5 17.Nfd4 Bh3 18.Nb3 Rac8
19.Kb1 Nxd3 20.Qxd3 Bg2 21.Rhe1 Qxh2 22.Nc3 Rfd8 23.Qd4 Bf3 24.Rd2
Qc7 25.Rc1 Qe7 26.Rg1 b4 27.Na4 Rc6 28.Na5 Rc7 29.b3 Rdc8 30.Nb6
Be4+ 31.Kb2 Rc2+ 32.Rxc2 Rxc2+ 33.Ka1 Qxg5 34.Rd1 Qf6 35.Qxf6
Nxf6 36.Nb7 Rxf2 37.Nc5 a5 38.Nxe4 dxe4 39.Nc4 Rf5 40.a4 bxa3
41.Ka2 h5 42.Kxa3 h4 43.Ka4 Nd5 44.Rh1 Nc3+ 45.Ka3 g5 46.Nxa5
Rxa5+ 47.Kb4 Rd5 48.Kxc3 Rd3+ 49.Kc4 Kf8 50.b4 Ke7 51.b5 Rxe3
52.b6 Kd7 53.Rc1 Re2 54.Kb3 {(=)} Re3+ 55.Kb4 Re2 56.Kb3 Re3+
57.Kb4 Re2 1/2-1/2

[Event "Heilbronner SV 1 - Stuttgarter SF 1"]
[Site "Oberliga Württemberg 2018/2019"]
[Date "2018.12.02"]
[Round "4"]
[White "Neyman, Igor"]
[Black "Schmidt, Tobias"]
[Result "1-0"]
[WhiteElo "2262"]
[BlackElo "2230"]
[Annotator ""]
[Source ""]
[Remark ""]

1.d4 e6 2.c4 Nf6 3.Nc3 Bb4 4.Nf3 d5 5.e3 O-O 6.a3 Bxc3+ 7.bxc3
b6 8.Bd3 Ba6 9.cxd5 Bxd3 10.Qxd3 exd5 11.O-O Nbd7 12.c4 c6 13.a4
Ne4 14.Ba3 Re8 15.cxd5 cxd5 16.Rfc1 Re6 17.Rc2 g5 18.Rac1 g4
19.Ne5 Nxe5 20.dxe5 Rxe5 21.Qa6 Re8 22.Qb7 Qh4 23.Qxd5 Rad8 24.Qf5
Qg5 25.Qxg5+ Nxg5 26.Rc7 a5 27.Bb2 Ne6 28.R7c4 h5 29.h3 f5 30.Rb1
Rd3 31.Be5 Nc5 32.Bd4 Nb3 33.Bc3 b5 34.axb5 a4 35.b6 Rb8 36.Be5
Rxb6 37.Rxa4 gxh3 38.gxh3 Rg6+ 39.Bg3 Nc5 40.Rb8+ Kh7 41.Ra7+
Rg7 42.Rxg7+ Kxg7 43.Rb5 Rd1+ 44.Kg2 Rc1 45.Kf3 Rc4 46.Rb6 Ne4
47.Be5+ Kh7 48.Kf4 Nxf2+ 49.Kxf5 Nxh3 50.Rb8 1-0

[Event "Heilbronner SV 1 - Stuttgarter SF 1"]
[Site "Oberliga Württemberg 2018/2019"]
[Date "2018.12.02"]
[Round "4"]
[White "Pogan, Nikolas"]
[Black "Strunski, Andreas"]
[Result "1-0"]
[WhiteElo "2225"]
[BlackElo "2256"]
[Annotator ""]
[Source ""]
[Remark ""]

1.c4 Nf6 2.d4 c6 3.Bf4 d5 4.e3 Ne4 5.Nc3 Qa5 6.Qb3 e6 7.f3 Nxc3
8.bxc3 b6 9.e4 Be7 10.cxd5 cxd5 11.Bd2 O-O 12.Bb5 Ba6 13.a4 Bxb5
14.Qxb5 Qxb5 15.axb5 a5 16.bxa6 Nxa6 17.Rb1 Nc7 18.Ne2 b5 19.Bf4
Rfc8 20.Kf2 Rab8 21.Rb3 g5 22.Bg3 Rb7 23.Bxc7 Rcxc7 24.exd5 exd5
25.Rhb1 b4 26.cxb4 Bf6 27.b5 Rc2 28.Kf1 Rd2 29.R3b2 Rd3 30.Rb3
Rd2 31.Ke1 Ra2 32.R3b2 Ra4 33.Rb4 Ra2 34.R1b2 Ra1+ 35.Kd2 Rh1
36.Ng3 Rxh2 37.Kd3 h5 38.b6 h4 39.Nf1 Rh1 40.Ne3 h3 41.gxh3 Rxh3
42.Rf2 g4 43.Nxg4 Bh4 44.Rf1 Bd8 45.Ne3 Rxb6 46.Rxb6 Bxb6 47.Nxd5
Ba7 48.Ke4 Kg7 49.Ne3 Kf6 50.f4 Rh4 51.Ra1 Bb8 52.Ra6+ 1-0